English resource book for agriculture / (Record no. 134123)

MARC details
000 -LEADER
fixed length control field 00790nam a2200277 a 4500
008 - FIXED-LENGTH DATA ELEMENTS--GENERAL INFORMATION
fixed length control field
020 ## - INTERNATIONAL STANDARD BOOK NUMBER
International Standard Book Number 0333967739 (pbk.)
049 ## - LOCAL HOLDINGS (OCLC)
Holding library MAIN
090 ## - LOCALLY ASSIGNED LC-TYPE CALL NUMBER (OCLC); LOCAL CALL NUMBER (RLIN)
Classification number (OCLC) (R) ; Classification number, CALL (RLIN) (NR) S604.37
Local cutter number (OCLC) ; Book number/undivided call number, CALL (RLIN) ENG
003 - CONTROL NUMBER IDENTIFIER
control field
005 - DATE AND TIME OF LATEST TRANSACTION
control field 20230123125017.0
040 ## - CATALOGING SOURCE
Transcribing agency NUST
245 10 - TITLE STATEMENT
Title English resource book for agriculture /
Statement of responsibility, etc. co-ordinated by Ahmed El Ezabi.
260 ## - PUBLICATION, DISTRIBUTION, ETC.
Place of publication, distribution, etc. Oxford :
Name of publisher, distributor, etc. Macmillan Education,
Date of publication, distribution, etc. 2001.
300 ## - PHYSICAL DESCRIPTION
Extent 320 p. :
Other physical details ill. ;
Dimensions 24 cm.
650 #1 - SUBJECT ADDED ENTRY--TOPICAL TERM
Topical term or geographic name entry element Agriculture.
700 ## - ADDED ENTRY--PERSONAL NAME
Personal name Mansour, Hazem A.
700 ## - ADDED ENTRY--PERSONAL NAME
Personal name Abdel-Rahim, Emam A
700 ## - ADDED ENTRY--PERSONAL NAME
Personal name Elnagar, Salah.
700 ## - ADDED ENTRY--PERSONAL NAME
Personal name Yonis, Samy M.
700 ## - ADDED ENTRY--PERSONAL NAME
Personal name Anis, Sherif M.
700 ## - ADDED ENTRY--PERSONAL NAME
Personal name Barkawi, Ashraf H.
700 ## - ADDED ENTRY--PERSONAL NAME
Personal name Nawar, Mohamed H.
907 ## - LOCAL DATA ELEMENT G, LDG (RLIN)
a .b10275435
b 19-03-10
c 12-03-10
942 ## - ADDED ENTRY ELEMENTS (KOHA)
Koha item type Ordinary Loan Books
Call number prefix S604.37
Call number suffix ENG
Holdings
Date last seen Total Checkouts Full call number Barcode Cost, replacement price Price effective from Koha item type Lost status Source of classification or shelving scheme Damaged status Not for loan Collection Withdrawn status Home library Current library Shelving location Date acquired Cost, normal purchase price
01/23/2023   S604.37 EZA 92004012480 80.00 01/23/2023 BOOKS   LCC     NFIC   MAIN MAIN GEN 01/23/2023 80.00